[Event "NOR-chB"]
[Site "Oslo"]
[Date "2023.07.02"]
[Round "2"]
[White "Saude, Christian"]
[Black "Sathre, Nikolai"]
[Result "1/2-1/2"]
[WhiteElo "1571"]
[BlackElo "1490"]
[PlyCount "37"]
[EventDate "2023.06.30"]
[EventType "swiss"]
[EventRounds "9"]
[EventCountry "NOR"]
[SourceTitle "EXT 2024"]
[Source "ChessBase"]
[SourceDate "2023.10.10"]
[SourceVersion "1"]
[SourceVersionDate "2023.10.10"]
[SourceQuality "1"]

1. d4 d5 2. c4 c6 3. cxd5 cxd5 4. Bf4 Nc6 5. e3 Nf6 6. Nc3 a6 7. Be2 Bf5 8. Nf3 h6 9. h3 e6 10. 0-0 Be7 11. Rc1 0-0 12. Na4 Nd7 13. a3 Rc8 14. Nc5 Nxc5 15. dxc5 e5 16. Bxe5 Nxe5 17. Nxe5 Rxc5 18. Rxc5 Bxc5 19. Nf3 1/2-1/2